Intermediate algebra

Bewaard in:
Bibliografische gegevens
Hoofdauteur: Miller, Julie
Formaat: Boek
Taal:Undetermined
Gepubliceerd in: Boston McGraw-Hill Higher Education 2007
Onderwerpen:
Tags: Voeg label toe
Geen labels, Wees de eerste die dit record labelt!
Thư viện lưu trữ: Trung tâm Học liệu Trường Đại học Cần Thơ
LEADER 00560nam a2200193Ia 4500
001 CTU_164215
008 210402s9999 xx 000 0 und d
020 |c 75 
082 |a 512.9 
082 |b M647 
100 |a Miller, Julie 
245 0 |a Intermediate algebra 
245 0 |c Julie Miller, Molly O’Neill, Nancy Hyde ; with contributions by Mitchel Levy 
260 |a Boston 
260 |b McGraw-Hill Higher Education 
260 |c 2007 
650 |a Algebra,Số học 
910 |a Nguyên 
980 |a Trung tâm Học liệu Trường Đại học Cần Thơ